Normal view MARC view
  • Educación bilingüe

Entry Materia

Number of records used in: 1

001 - NÚMERO DE CONTROL DEL REGISTRO

  • campo de control: 49901

003 - IDENTIFICADOR DE NUMERO DE CONTROL

  • campo de control: MX-MxUPN

005 - FECHA Y HORA DE LA ÚLTIMA TRANSACCIÓN

  • campo de control: 20230907124429.0

008 - DATOS DE LONGITUD FIJA

  • campo de control de longitud fija: 230907dn fnznnbabd a aaa d

040 ## - FUENTE DE LA CATALOGACIÓN

  • Centro catalogador de origen: MX-MxUPN
  • Lengua de catalogación: spa

150 ## - ENCABEZAMIENTO - TEMÁTICO

  • Término de materia o nombre geográfico como elemento inicial: Educación bilingüe
  • Subdivisión geográfica: Tarahumara, Sierra de

670 ## - FUENTE EN LA QUE SE LOCALIZARON DATOS

  • Cita de la fuente: Autoridades BGTQ, 7 septiembre 2023:
  • Información localizada: (Educación bilingüe)

670 ## - FUENTE EN LA QUE SE LOCALIZARON DATOS

  • Cita de la fuente: Autoridades BGTQ, 7 septiembre 2023:
  • Información localizada: (Tarahumara, Sierra de)

902 ## - CATALOGADOR

  • Catalogador: VíctorGodínez/070923